Statistiques concernant Animaux les plus mortels pour l'homme

Cliquez ici pour prendre le quiz!

Statistiques générales

  • Ce quiz a été pris 7 707 fois
    (2 984 depuis la dernière actualisation)
  • Le résultat moyen est 10 sur 18

Statistiques - réponses

VictimesAnimal% Correct
4Requins
95%
100Lion
92%
75 000Serpents
88%
780 000Moustique
81%
50Tigre
80%
13 000Chiens
79%
100Éléphant
69%
500Hippopotame
68%
1 000Crocodile
62%
10Loup
53%
3 500Scorpions
43%
40Méduses
39%
60Abeille
37%
16 500Mouche tsé-tsé et des sables
33%
546 000L'humain
29%
10 000Escargots d'eau douce
11%
6 000Ver solitaire et ascaris
11%
7 000Punaise noire de la Pampa
6%

Distribution des résultats

Percentile par nombre de réponses

% des personnes avec chaque résultat

Votre développement - résultats

Vous n’avez pas pris ce quiz depuis la dernière actualisation